000 00557nam a22002177a 4500
003 UA-OsUOA
001 118575
007 ta
008 20160912b un ||||| |||| 00| 0 ukr d
100 _aГлушман І.
090 _a908
_bГ55
942 _cSA
040 _aUA-OsUOA
_bukr
_cUA-OsUOA
_dUA-OsUOA
245 _aЗнайомилися з туристичними об'єктами нашого краю
300 _aС.1,2
955 _a0
041 _aukr
080 _a908
773 0 _w118574
650 7 _a908 Краєзнавство
_2UDC
999 _c404717
_d404717